| 000 | 00659nam a22002175i 4500 | ||
|---|---|---|---|
| 001 | 175942 | ||
| 003 | ES-MaACL | ||
| 005 | 20230906215941.0 | ||
| 008 | 101201s1964 sp o |||| | cat d | ||
| 080 | _a929 Capri, Juan | ||
| 100 | 1 |
_aPoblet, Josep María. _992690 |
|
| 245 | 1 | 0 |
_aJoan Capri / _cJosep M. Poblet. |
| 260 |
_a[Barcelona] : _bAlcides, _cD. L. 1964. |
||
| 300 |
_a77, [2] p. : _bfot. bl. y n. ; _c17 cm. |
||
| 490 | 1 |
_aBiografies populars ; _v17 |
|
| 546 | _aTexto en catalán. | ||
| 600 | 0 | 4 |
_aCapri, Juan. _9144146 |
| 830 | 0 |
_aBiografies populars ; _v17 _9189851 |
|
| 852 |
_aES-MaACL _j2267-F-11 _xOlim P-81-bis |
||
| 999 |
_c175942 _d175942 |
||